=LDR 00000nam 2200000 4500 =001 INLIS000000000012237 =005 20130612103756 =008 ***********************************Ind** =035 ##$$0010-061300000012237 =041 ##$$a Ind =082 ##$$a 598.295 98 =090 ##$$a 598.295 98, Kar p; Karso, Sri pamudju =100 ##$$a Karso, Sri pamudju =245 ##$$a Penongkaran Burung Cocakrowo, Sri pamudju Karso =260 ##$$a 1996 $b Yogyakarta =300 ##$$a 64 hlm, Ilus, 21 cm =650 ##$$a Burung Penongkaran =850 ##$$a NBPNMAT